<?xml version="1.0" encoding="UTF-8"?><?xml-stylesheet type="text/xsl" href="static/style.xsl"?><OAI-PMH xmlns="http://www.openarchives.org/OAI/2.0/" xmlns:xsi="http://www.w3.org/2001/XMLSchema-instance" xsi:schemaLocation="http://www.openarchives.org/OAI/2.0/ http://www.openarchives.org/OAI/2.0/OAI-PMH.xsd"><responseDate>2026-04-26T21:56:47Z</responseDate><request verb="GetRecord" identifier="oai:uvadoc.uva.es:10324/2548" metadataPrefix="marc">https://uvadoc.uva.es/oai/request</request><GetRecord><record><header><identifier>oai:uvadoc.uva.es:10324/2548</identifier><datestamp>2021-07-02T07:22:55Z</datestamp><setSpec>com_10324_1508</setSpec><setSpec>com_10324_894</setSpec><setSpec>col_10324_1584</setSpec></header><metadata><record xmlns="http://www.loc.gov/MARC21/slim" xmlns:doc="http://www.lyncode.com/xoai" xmlns:xsi="http://www.w3.org/2001/XMLSchema-instance" xmlns:dcterms="http://purl.org/dc/terms/" xsi:schemaLocation="http://www.loc.gov/MARC21/slim http://www.loc.gov/standards/marcxml/schema/MARC21slim.xsd">
<leader>00925njm 22002777a 4500</leader>
<datafield tag="042" ind1=" " ind2=" ">
<subfield code="a">dc</subfield>
</datafield>
<datafield tag="720" ind1=" " ind2=" ">
<subfield code="a">Díez Estella, Fernando</subfield>
<subfield code="e">author</subfield>
</datafield>
<datafield tag="260" ind1=" " ind2=" ">
<subfield code="c">2011</subfield>
</datafield>
<datafield tag="520" ind1=" " ind2=" ">
<subfield code="a">En el presente trabajo se exponen, de forma sucinta, algunas propuestas&#xd;
prácticas para la enseñanza del Derecho Mercantil conforme al modelo&#xd;
instaurado por el Espacio Europeo de Educación Superior (EEES), en&#xd;
concreto, las metodologías docentes participativas. Todas las acciones&#xd;
desarrolladas, que se detallan en los Anexos, van encaminadas a incentivar la&#xd;
participación de los alumnos, haciéndoles partícipes del proceso enseñanzaaprendizaje;&#xd;
a ofrecer una visión más práctica de la asignatura; y a facilitar su&#xd;
posterior inserción en el mercado laboral. El objetivo, de acuerdo con los&#xd;
principios de Bolonia, es en última instancia la formación en competencia y la&#xd;
excelencia académica. Más que de forma empírica o cuantitativa, se acompaña&#xd;
igualmente una valoración cualitativa de esta metodología sobre la base de las&#xd;
opiniones de los propios alumnos.</subfield>
</datafield>
<datafield tag="024" ind2=" " ind1="8">
<subfield code="a">IV Congreso Nacional de Innovaciones Científicas: Coordinación y planificación en los estudios de derecho. Valladolid: Universidad de Valladolid, 2011, p. 640-667</subfield>
</datafield>
<datafield tag="024" ind2=" " ind1="8">
<subfield code="a">978-84-694-8683-2</subfield>
</datafield>
<datafield tag="024" ind2=" " ind1="8">
<subfield code="a">http://uvadoc.uva.es/handle/10324/2548</subfield>
</datafield>
<datafield ind1=" " ind2=" " tag="653">
<subfield code="a">Derecho mercantil-Estudio y enseñanza</subfield>
</datafield>
<datafield tag="245" ind1="0" ind2="0">
<subfield code="a">Una propuesta práctica de metodologías participativas en la enseñanza del Derecho Mercantil</subfield>
</datafield>
</record></metadata></record></GetRecord></OAI-PMH>